Tìm hiểu cách thức thể hiện hành vi kêu gọi trong thơ tuyên truyền vận động của Chủ tịch Hồ Chí Minh

Những vấn đề lí luận chung liên quan đến đề tài. Cách thức thể hiện hành vi kêu gọi trong thơ tuyên truyền vận động Pủa Chủ tịch Hồ Chí Minh. Bình diện dụng học của hành vi kêu gọi trong thơ tuyên truyền vận động của Chủ tịch Hồ Chí Minh....

Descripción completa

Guardado en:
Detalles Bibliográficos
Autor principal: Bùi, Thị Thu
Otros Autores: Bùi, Thị Minh Nhân Th.S (Hướng dẫn)
Formato: Libro
Lenguaje:Vietnamese
Publicado: Đà Nẵng Đà Nẵng Trường Đại học Sư phạm 2008
Materias:
Etiquetas: Agregar Etiqueta
Sin Etiquetas, Sea el primero en etiquetar este registro!
Thư viện lưu trữ: Mạng thư viện Đại học Đà Nẵng
LEADER 01648nam a2200337 4500
001 000010995
003 7223
005 20120109080100.0
008 120109s2008 viesd
041 |a vie 
072 |a Khóa luận tốt nghiệp 
082 |a 895.9221  |b BU-T 
100 1 |a Bùi, Thị Thu 
245 1 |a Tìm hiểu cách thức thể hiện hành vi kêu gọi trong thơ tuyên truyền vận động của Chủ tịch Hồ Chí Minh  |c Bùi, Thị Thu 
260 |a Đà Nẵng Đà Nẵng  |b Trường Đại học Sư phạm  |c 2008 
300 |a 62 tr. [11 tr.]  |c 29 cm 
500 |a Khóa luận tốt nghiệp Đại học. Chuyên ngành: Ngành Cử nhân Ngữ văn 
520 |a Những vấn đề lí luận chung liên quan đến đề tài. Cách thức thể hiện hành vi kêu gọi trong thơ tuyên truyền vận động Pủa Chủ tịch Hồ Chí Minh. Bình diện dụng học của hành vi kêu gọi trong thơ tuyên truyền vận động của Chủ tịch Hồ Chí Minh. 
653 |a Khoa Ngữ văn 
653 |a Khóa luận tốt nghiệp Đại học 
700 1 |a Bùi, Thị Minh Nhân  |c Th.S  |e Hướng dẫn 
OWN |a LSP 
AVA |a UDN50  |b LSP  |d 895.9221 BU-T  |e available  |t Error 5001 Not defined in file expand_doc_bib_avail.  |f 1  |g 0  |h N  |i 0  |k 1 
999 |a From the UDN01 
AVA |a UDN50  |b LSP  |d 895.9221 BU-T  |e available  |t Error 5001 Not defined in file expand_doc_bib_avail.  |f 1  |g 0  |h N  |i 0  |k 1 
TYP |a Monograph 
TYP |a Printed language 
980 |a Mạng thư viện Đại học Đà Nẵng